[Event "1. Bundesliga 2010/2011"]
[Site "Graz"]
[Date "2010.11.21"]
[Round "3"]
[Board "1"]
[White "Stocek, Jiri"]
[Black "Teske, Henrik"]
[Result "1/2-1/2"]
[WhiteElo "2580"]
[BlackElo "2525"]
[PlyCount "57"]
[EventDate "2010.11.19"]
[EventType "team"]
[EventRounds "11"]
[EventCountry "AUT"]
[WhiteTeam "ASVOE SK Lackenbach"]
[BlackTeam "Styria Graz"]

1.d4 Nf6 2.c4 e6 3.Nf3 d5 4.Nc3 c5 5.cxd5 Nxd5 6.e4 Nxc3 7.bxc3 cxd4 8.cxd4 Bb4+
9.Bd2 Bxd2+ 10.Qxd2 O-O 11.Bc4 b6 12.O-O Bb7 13.Rfe1 Nd7 14.h3 Rc8 15.Bd3 Qe7
16.a4 e5 17.d5 Nc5 18.Bc4 Kh8 19.Qb2 f5 20.Qxe5 Qxe5 21.Nxe5 Nxe4 22.d6 Nxd6
23.Be6 Rc7 24.Rad1 Ne4 25.Nf7+ Kg8 26.Nd8+ Kh8 27.Nf7+ Kg8 28.Nh6+ Kh8 29.Nf7+

[Event "1. Bundesliga 2010/2011"]
[Site "Graz"]
[Date "2010.11.21"]
[Round "3"]
[Board "2"]
[White "Nanu, Ciprian Costica"]
[Black "Markos, Jan"]
[Result "1/2-1/2"]
[WhiteElo "2515"]
[BlackElo "2546"]
[PlyCount "126"]
[EventDate "2010.11.19"]
[EventType "team"]
[EventRounds "11"]
[EventCountry "AUT"]
[WhiteTeam "Styria Graz"]
[BlackTeam "ASVOE SK Lackenbach"]

1.d4 Nf6 2.c4 e6 3.Nf3 Bb4+ 4.Bd2 Qe7 5.g3 Nc6 6.Nc3 Bxc3 7.Bxc3 Ne4 8.Rc1 O-O
9.Bg2 d6 10.d5 Nxc3 11.Rxc3 Nd8 12.O-O e5 13.c5 dxc5 14.Qc2 e4 15.Ne1 f5 16.f3
exf3 17.Bxf3 c6 18.Rxc5 Bd7 19.Nd3 cxd5 20.Bxd5+ Kh8 21.Nf4 Nc6 22.Qc3 Rae8
23.Rd1 Rf6 24.Bf3 Rd6 25.Rxd6 Qxd6 26.Rd5 Qe7 27.h4 Be6 28.Rc5 Bxa2 29.Bxc6 bxc6
30.Rxc6 Qf7 31.Rc7 Re7 32.Rc8+ Re8 33.Qc6 Rg8 34.Rxg8+ Qxg8 35.Qb7 a5 36.Qb5 Qd8
37.Qxf5 Qd4+ 38.Kf1 a4 39.Qc8+ Bg8 40.Qe8 Qd1+ 41.Kg2 Qd4 42.h5 Qxb2 43.Qxa4
Qb7+ 44.Kh2 Qb6 45.Qe4 Qf2+ 46.Kh3 Qf1+ 47.Kg4 Qa1 48.Qf5 Qd4 49.Kh3 Qa1 50.Kg2
Qa8+ 51.Kf2 Qa1 52.Qe4 Qf6 53.Kg2 Bf7 54.Qa8+ Bg8 55.Qa3 g5 56.Nd3 Bd5+ 57.Kh2
Be6 58.Qc5 Kg7 59.Nf2 Bf5 60.Qc7+ Kh6 61.g4 Bd3 62.Nxd3 Qf2+ 63.Kh3 Qg2+

[Event "1. Bundesliga 2010/2011"]
[Site "Graz"]
[Date "2010.11.21"]
[Round "3"]
[Board "3"]
[White "Varga, Zoltan"]
[Black "Moser, Eva"]
[Result "1-0"]
[WhiteElo "2437"]
[BlackElo "2425"]
[PlyCount "119"]
[EventDate "2010.11.19"]
[EventType "team"]
[EventRounds "11"]
[EventCountry "AUT"]
[WhiteTeam "ASVOE SK Lackenbach"]
[BlackTeam "Styria Graz"]

1.e4 c5 2.Nf3 Nc6 3.Bb5 g6 4.Bxc6 dxc6 5.h3 Bg7 6.d3 b6 7.a4 a5 8.O-O Qc7 9.Na3
Ba6 10.Rb1 Nf6 11.b3 Nd7 12.Nc4 O-O 13.Re1 e5 14.Bd2 Rfe8 15.Qc1 Nf8 16.Bh6 f6
17.Nh2 Bc8 18.Be3 Ne6 19.c3 Ba6 20.Qc2 Red8 21.Ng4 Rd7 22.f3 Rad8 23.Red1 b5
24.Nb2 Kh8 25.Nf2 f5 26.exf5 gxf5 27.Re1 b4 28.cxb4 cxb4 29.Nc4 Nd4 30.Bxd4 Rxd4
31.Ne3 Rxd3 32.Nxf5 Qb6 33.Rbd1 e4 34.fxe4 Bc3 35.Re3 Rxd1+ 36.Nxd1 Rd2 37.Qc1
Qc5 38.Nxc3 Rd3 39.Ne2 Qxc1+ 40.Nxc1 Rd1+ 41.Kf2 Rxc1 42.Nd6 Kg7 43.e5 Kf8 44.e6
Rf1+ 45.Kg3 Ke7 46.Re5 c5 47.Nf5+ Rxf5 48.Rxf5 c4 49.bxc4 b3 50.Rf2 Kxe6 51.Kf4
Kd6 52.Ke3 Kc5 53.Kd2 Kb4 54.c5 Kxa4 55.Kc3 Ka3 56.c6 a4 57.g4 Bc8 58.Rg2 Be6
59.c7 Bc8 60.h4

[Event "1. Bundesliga 2010/2011"]
[Site "Graz"]
[Date "2010.11.21"]
[Round "3"]
[Board "4"]
[White "Wittmann, Walter"]
[Black "Vavrak, Peter"]
[Result "0-1"]
[WhiteElo "2291"]
[BlackElo "2466"]
[PlyCount "60"]
[EventDate "2010.11.19"]
[EventType "team"]
[EventRounds "11"]
[EventCountry "AUT"]
[WhiteTeam "Styria Graz"]
[BlackTeam "ASVOE SK Lackenbach"]

1.e4 e6 2.d4 d5 3.Nd2 Be7 4.Ngf3 Nf6 5.Bd3 c5 6.exd5 Qxd5 7.dxc5 Nbd7 8.b4 a5
9.Bc4 Qh5 10.c3 Nd5 11.Bxd5 Qxd5 12.Bb2 axb4 13.cxb4 b6 14.a4 bxc5 15.b5 c4
16.O-O Bb7 17.Qe2 Qd3 18.Qxd3 cxd3 19.Rfc1 Bd5 20.a5 O-O 21.Rc7 Rfd8 22.b6 Bd6
23.Rxd7 Rxd7 24.a6 f6 25.Ne1 Bc5 26.b7 Rad8 27.Nxd3 Bxb7 28.axb7 Rxd3 29.Nf1 Rb3
30.Ra8 Rf8

[Event "1. Bundesliga 2010/2011"]
[Site "Graz"]
[Date "2010.11.21"]
[Round "3"]
[Board "5"]
[White "Hagara, Eduard"]
[Black "Manhardt, Thomas"]
[Result "1-0"]
[WhiteElo "2407"]
[BlackElo "2136"]
[PlyCount "107"]
[EventDate "2010.11.19"]
[EventType "team"]
[EventRounds "11"]
[EventCountry "AUT"]
[WhiteTeam "ASVOE SK Lackenbach"]
[BlackTeam "Styria Graz"]

1.e4 c5 2.Nf3 Nc6 3.Bb5 e6 4.O-O Nge7 5.b3 a6 6.Bxc6 Nxc6 7.Bb2 b6 8.d3 Bb7
9.Nbd2 Qc7 10.h3 f6 11.c3 O-O-O 12.d4 d6 13.d5 exd5 14.exd5 Ne5 15.c4 Be7 16.Nh4
g5 17.Nf5 Kb8 18.Qc2 h5 19.f4 gxf4 20.Rxf4 Rdg8 21.Raf1 Bc8 22.Kh2 Bf8 23.Ne4
Qd8 24.a3 Rh7 25.Bc3 Rf7 26.Rh4 Rh7 27.Qe2 Rgh8 28.Neg3 Qe8 29.b4 Qg6 30.a4 Qe8
31.a5 b5 32.bxc5 dxc5 33.cxb5 axb5 34.Re1 Ka8 35.Qb2 Bxf5 36.Nxf5 Qd7 37.Bxe5
Qxf5 38.Qxb5 fxe5 39.Rb1 Qc8 40.a6 Bd6 41.Ra4 Ra7 42.Qc4 Rhh7 43.Rb6 Qf8 44.Qb5
Rhc7 45.Rxd6 e4 46.Kg1 e3 47.Re6 Qf2+ 48.Kh2 Rc8 49.Re8 Qf5 50.Qc6+ Kb8 51.Rae4
Rac7 52.a7+ Rxa7 53.Rxc8+ Qxc8 54.Re8

[Event "1. Bundesliga 2010/2011"]
[Site "Graz"]
[Date "2010.11.21"]
[Round "3"]
[Board "6"]
[White "Schriebl, Alexander"]
[Black "Olle, Peter"]
[Result "1/2-1/2"]
[WhiteElo "2073"]
[BlackElo "2229"]
[PlyCount "78"]
[EventDate "2010.11.19"]
[EventType "team"]
[EventRounds "11"]
[EventCountry "AUT"]
[WhiteTeam "Styria Graz"]
[BlackTeam "ASVOE SK Lackenbach"]

1.d4 d6 2.Nf3 Nf6 3.c4 c6 4.Nc3 Bf5 5.g3 Qc8 6.Bg2 Bh3 7.O-O Bxg2 8.Kxg2 Nbd7
9.d5 Nb6 10.Qd3 cxd5 11.cxd5 Qc4 12.Qxc4 Nxc4 13.Bg5 Rc8 14.Rab1 Nd7 15.Rfc1 h6
16.Bd2 Nde5 17.Nxe5 Nxd2 18.Ne4 Rxc1 19.Rxc1 dxe5 20.Nxd2 Kd7 21.Nc4 f6 22.Na5
b6 23.Nc6 e4 24.Nxa7 e6 25.dxe6+ Kxe6 26.Rc6+ Kd5 27.Rc8 g6 28.Nc6 Kd6 29.Nd4
Bg7 30.Nb5+ Kd5 31.Rc7 Rg8 32.Nc3+ Kd6 33.Rb7 Kc6 34.Ra7 f5 35.a4 Be5 36.Re7 Kd6
37.Rh7 Bg7 38.g4 Kc5 39.f3 exf3+

[Event "1. Bundesliga 2010/2011"]
[Site "Graz"]
[Date "2011.01.20"]
[Round "4"]
[Board "1"]
[White "Volokitin, Andrei"]
[Black "Ruck, Robert"]
[Result "1-0"]
[WhiteElo "2677"]
[BlackElo "2554"]
[PlyCount "133"]
[EventDate "2010.11.19"]
[EventType "team"]
[EventRounds "11"]
[EventCountry "AUT"]
[WhiteTeam "SK Sparkasse Jenbach"]
[BlackTeam "Styria Graz"]

1.e4 c5 2.Nf3 d6 3.d4 cxd4 4.Nxd4 Nf6 5.Nc3 a6 6.Be3 Ng4 7.Bg5 h6 8.Bh4 g5 9.Bg3
Bg7 10.h3 Nf6 11.Qf3 Qb6 12.O-O-O Nc6 13.Nxc6 Qxc6 14.Be2 Qc5 15.e5 dxe5 16.Rhe1
Be6 17.Qxb7 O-O 18.Bf3 e4 19.Nxe4 Nxe4 20.Rxe4 Rac8 21.Rd2 Bf5 22.Ree2 Rfd8
23.Bg4 Bxg4 24.hxg4 Qc4 25.Qb3 Qxg4 26.Rxe7 Qf5 27.Rxd8+ Rxd8 28.Qf3 Qg6 29.Qe4
Qb6 30.Re8+ Rxe8 31.Qxe8+ Kh7 32.c3 Kg6 33.Qb8 Qa5 34.Qd6+ Kh7 35.Qd3+ f5 36.Bd6
h5 37.Kb1 Bf6 38.b4 Qa4 39.Qxf5+ Kg7 40.Qd3 Qc6 41.f3 Bxc3 42.Bc5 Bf6 43.Bd4 g4
44.fxg4 hxg4 45.Bxf6+ Kxf6 46.Qd4+ Kf5 47.Qf2+ Ke5 48.Qe3+ Kf5 49.Qd3+ Ke5
50.Qd2 Qe4+ 51.Kb2 Ke6 52.Kb3 g3 53.Qc2 Qe3+ 54.Qc3 Qf2 55.Qc6+ Ke5 56.a4 Kf4
57.b5 axb5 58.axb5 Qe3+ 59.Qc3 Qf2 60.Qb4+ Ke3 61.b6 Qxg2 62.b7 Qd5+ 63.Kb2 Qe5+
64.Qc3+ Qxc3+ 65.Kxc3 g2 66.b8=Q g1=Q 67.Qb6+

[Event "1. Bundesliga 2010/2011"]
[Site "Graz"]
[Date "2011.01.20"]
[Round "4"]
[Board "2"]
[White "Nanu, Ciprian Costica"]
[Black "Gyimesi, Zoltan"]
[Result "0-1"]
[WhiteElo "2515"]
[BlackElo "2601"]
[PlyCount "126"]
[EventDate "2010.11.19"]
[EventType "team"]
[EventRounds "11"]
[EventCountry "AUT"]
[WhiteTeam "Styria Graz"]
[BlackTeam "SK Sparkasse Jenbach"]

1.Nf3 d5 2.d4 Nf6 3.c4 e6 4.Nc3 dxc4 5.Qa4+ Nc6 6.Qxc4 Nb4 7.Qb3 c5 8.dxc5 Bxc5
9.Bg5 O-O 10.Rd1 Qb6 11.e3 Nfd5 12.Nxd5 exd5 13.Be2 Bf5 14.Rd2 Nc2+ 15.Kd1 Qxb3
16.axb3 Na1 17.Nd4 Bxd4 18.Rxd4 Nxb3 19.Rxd5 Be4 20.Rd6 Rac8 21.Ke1 Rc2 22.f3
Bc6 23.Rf1 Rxb2 24.Rf2 Rb1+ 25.Rd1 Rxd1+ 26.Bxd1 Nc5 27.Rd2 Re8 28.e4 Ne6 29.Be3
a5 30.Bb3 Kf8 31.Ra2 Ra8 32.Bb6 a4 33.Bc4 Ke7 34.Kd2 Rc8 35.Rc2 Bd7 36.Bxe6
Rxc2+ 37.Kxc2 Kxe6 38.Kc3 Bb5 39.Bd4 g5 40.Kb4 Bf1 41.g3 b5 42.Be3 Kf6 43.f4 g4
44.Bd4+ Ke7 45.Bg7 Bd3 46.e5 Ke6 47.Bf6 Kf5 48.Be7 Bc4 49.Ka3 Be6 50.Kb4 Bd7
51.Bh4 Ke4 52.Be7 Bc6 53.Bh4 Be8 54.Bd8 Bd7 55.Be7 Kf3 56.f5 Kg2 57.e6 Bxe6
58.fxe6 fxe6 59.Kxb5 Kxh2 60.Bd6 a3 61.Bxa3 Kxg3 62.Kc4 h5 63.Kd3 h4

[Event "1. Bundesliga 2010/2011"]
[Site "Graz"]
[Date "2011.01.20"]
[Round "4"]
[Board "3"]
[White "Schlosser, Philipp"]
[Black "Moser, Eva"]
[Result "1-0"]
[WhiteElo "2568"]
[BlackElo "2425"]
[PlyCount "99"]
[EventDate "2010.11.19"]
[EventType "team"]
[EventRounds "11"]
[EventCountry "AUT"]
[WhiteTeam "SK Sparkasse Jenbach"]
[BlackTeam "Styria Graz"]

1.Nf3 d5 2.d4 Nf6 3.c4 c6 4.e3 Bf5 5.Nc3 e6 6.Nh4 Bg6 7.Be2 Nbd7 8.O-O dxc4
9.Bxc4 Bh5 10.Be2 Bxe2 11.Qxe2 Be7 12.e4 Nf8 13.Rd1 Ng6 14.Nxg6 hxg6 15.Bf4 O-O
16.Rd3 Qa5 17.d5 exd5 18.exd5 Rfe8 19.dxc6 bxc6 20.Qf3 Qf5 21.Rad1 Bf8 22.h3 g5
23.Be3 Qxf3 24.gxf3 Be7 25.Bxg5 Reb8 26.b3 Kf8 27.Be3 Rc8 28.Rc1 Ke8 29.Rd4 c5
30.Rh4 Kd7 31.Na4 Nd5 32.Rhc4 Nxe3 33.fxe3 Rh8 34.Kg2 Rae8 35.e4 Rh6 36.Nxc5+
Kc6 37.Nd3+ Kb6 38.Nf4 Bd6 39.Nd5+ Kb7 40.f4 f6 41.R1c3 Rh4 42.Rg3 Rh7 43.Rg6
Reh8 44.Rc3 Re8 45.Re3 Kc6 46.b4 a5 47.bxa5 Ra8 48.Rc3+ Bc5 49.Ne7+ Kb5 50.a4+

[Event "1. Bundesliga 2010/2011"]
[Site "Graz"]
[Date "2011.01.20"]
[Round "4"]
[Board "4"]
[White "Wittmann, Walter"]
[Black "Acs, Peter"]
[Result "0-1"]
[WhiteElo "2291"]
[BlackElo "2601"]
[PlyCount "72"]
[EventDate "2010.11.19"]
[EventType "team"]
[EventRounds "11"]
[EventCountry "AUT"]
[WhiteTeam "Styria Graz"]
[BlackTeam "SK Sparkasse Jenbach"]

1.e4 c5 2.Nf3 Nc6 3.d4 cxd4 4.Nxd4 Nf6 5.Nc3 d6 6.Bc4 e6 7.Be3 Be7 8.Bb3 O-O
9.O-O a6 10.f4 Nxd4 11.Bxd4 b5 12.e5 dxe5 13.fxe5 Nd7 14.Ne4 Bb7 15.Nd6 Bxd6
16.exd6 Qg5 17.Qe2 e5 18.Be3 Qg6 19.Rad1 Kh8 20.h4 f5 21.Bg5 f4 22.Qg4 Nf6
23.Qh3 Rad8 24.d7 f3 25.Rd6 fxg2 26.Re1 h6 27.Bd2 Qh5 28.Bb4 Ne4 29.Rd3 Nf2
30.Qg3 Nxd3 31.Bxf8 Rxf8 32.cxd3 Qf5 33.Kh2 Qf1 34.Qe3 g1=Q+ 35.Qxg1 Rf2+ 36.Kg3
Rg2+

[Event "1. Bundesliga 2010/2011"]
[Site "Graz"]
[Date "2011.01.20"]
[Round "4"]
[Board "5"]
[White "Boensch, Uwe"]
[Black "Schriebl, Alexander"]
[Result "1-0"]
[WhiteElo "2520"]
[BlackElo "2073"]
[PlyCount "53"]
[EventDate "2010.11.19"]
[EventType "team"]
[EventRounds "11"]
[EventCountry "AUT"]
[WhiteTeam "SK Sparkasse Jenbach"]
[BlackTeam "Styria Graz"]

1.d4 Nf6 2.c4 g6 3.f3 c5 4.d5 b5 5.e4 d6 6.cxb5 a6 7.Bg5 Bg7 8.Qd2 Qb6 9.Nc3
axb5 10.Bxb5+ Bd7 11.Bxd7+ Nbxd7 12.Nge2 Ne5 13.b3 c4 14.Be3 Nd3+ 15.Qxd3 cxd3
16.Bxb6 dxe2 17.Bd4 O-O 18.Kxe2 Rfc8 19.Rhc1 Bh6 20.Be3 Bg7 21.Bd2 Nd7 22.Rc2
Ra6 23.Rac1 h5 24.Na4 Nc5 25.Be3 Rca8 26.Bxc5 dxc5 27.Rxc5

[Event "1. Bundesliga 2010/2011"]
[Site "Graz"]
[Date "2011.01.20"]
[Round "4"]
[Board "1"]
[White "Ragger, Markus"]
[Black "Varga, Zoltan"]
[Result "1-0"]
[WhiteElo "2614"]
[BlackElo "2437"]
[PlyCount "57"]
[EventDate "2010.11.19"]
[EventType "team"]
[EventRounds "11"]
[EventCountry "AUT"]
[WhiteTeam "SK MPOE Maria Saal"]
[BlackTeam "ASVOE SK Lackenbach"]

1.Nf3 d5 2.c4 d4 3.e3 c5 4.b4 dxe3 5.fxe3 cxb4 6.d4 Bg4 7.h3 Bxf3 8.Qxf3 Qc7
9.a3 e5 10.c5 exd4 11.axb4 Nc6 12.Bb5 O-O-O 13.Bxc6 Qxc6 14.Qxc6+ bxc6 15.Rxa7
dxe3 16.Bxe3 Ne7 17.O-O Kb8 18.Ra3 f6 19.Nd2 Nc8 20.Bf4+ Kb7 21.Nc4 Na7 22.Rxa7+
Kxa7 23.Ra1+ Kb7 24.Na5+ Kc8 25.Nxc6 Rd7 26.Na7+ Kd8 27.Nb5 Rb7 28.c6 Rxb5
29.Ra8+

[Event "1. Bundesliga 2010/2011"]
[Site "Graz"]
[Date "2011.01.20"]
[Round "4"]
[Board "2"]
[White "Vavrak, Peter"]
[Black "Buhmann, Rainer"]
[Result "1/2-1/2"]
[WhiteElo "2466"]
[BlackElo "2590"]
[PlyCount "111"]
[EventDate "2010.11.19"]
[EventType "team"]
[EventRounds "11"]
[EventCountry "AUT"]
[WhiteTeam "ASVOE SK Lackenbach"]
[BlackTeam "SK MPOE Maria Saal"]

1.d4 d5 2.c4 c6 3.Nf3 Nf6 4.cxd5 cxd5 5.Nc3 Nc6 6.Bf4 a6 7.Rc1 Nh5 8.Be5 f6
9.Bg3 e5 10.e3 e4 11.Ng1 Nxg3 12.hxg3 Be6 13.Nh3 g5 14.Be2 Bd6 15.Bh5+ Kf8
16.O-O Kg7 17.f3 exf3 18.Qxf3 Rf8 19.Nxd5 f5 20.Nc3 Kh8 21.Qd1 Bc4 22.Be2 Bg8
23.Bd3 Qe7 24.Qd2 Rae8 25.d5 Ne5 26.Rxf5 Nc4 27.Qe2 Rxf5 28.Bxf5 Nxe3 29.Be6
Bxe6 30.dxe6 Qxe6 31.Nxg5 Qg6 32.Nce4 Rxe4 33.Nxe4 Qxe4 34.Rc3 Be5 35.Rxe3 Bd4
36.Kf2 Qe5 37.b3 Qc5 38.Qd3 Kg7 39.Ke2 Bxe3 40.Qxe3 Qc2+ 41.Qd2 Qe4+ 42.Kf2 Qf5+
43.Qf4 Qc2+ 44.Kf3 Qd1+ 45.Ke3 Qc1+ 46.Kd3 Qb1+ 47.Kc3 Qa1+ 48.Kd3 Qb1+ 49.Ke3
Qe1+ 50.Kd4 Qg1+ 51.Ke5 Qxg2 52.Qg5+ Kf7 53.Qf6+ Kg8 54.Qd8+ Kg7 55.Qc7+ Kg6
56.Qd6+

[Event "1. Bundesliga 2010/2011"]
[Site "Graz"]
[Date "2011.01.20"]
[Round "4"]
[Board "3"]
[White "Kreisl, Robert"]
[Black "Bokros, Albert"]
[Result "1/2-1/2"]
[WhiteElo "2394"]
[BlackElo "2498"]
[PlyCount "73"]
[EventDate "2010.11.19"]
[EventType "team"]
[EventRounds "11"]
[EventCountry "AUT"]
[WhiteTeam "SK MPOE Maria Saal"]
[BlackTeam "ASVOE SK Lackenbach"]

1.Nf3 c5 2.c4 Nc6 3.Nc3 e5 4.e3 Nf6 5.Be2 d5 6.d4 cxd4 7.exd4 e4 8.Ne5 dxc4
9.Qa4 Be7 10.Nxc6 bxc6 11.d5 O-O 12.dxc6 Qb6 13.O-O Be6 14.Bxc4 Bxc4 15.Qxc4
Rfc8 16.Be3 Qxc6 17.Qxc6 Rxc6 18.Rac1 Kf8 19.Nb5 Rxc1 20.Rxc1 Rb8 21.a4 a6
22.Bf4 Rd8 23.Nc7 Nd5 24.Nxd5 Rxd5 25.Kf1 Bd6 26.Bxd6+ Rxd6 27.b4 Ke7 28.Ke2 Rd4
29.Rc7+ Ke6 30.Rb7 h5 31.Ke3 Rc4 32.Rb6+ Ke5 33.Rxa6 Rxb4 34.Ra5+ Ke6 35.Ra6+
Ke5 36.Ra5+ Ke6 37.Ra6+

[Event "1. Bundesliga 2010/2011"]
[Site "Graz"]
[Date "2011.01.20"]
[Round "4"]
[Board "4"]
[White "Hagara, Eduard"]
[Black "Schachinger, Mario"]
[Result "0-1"]
[WhiteElo "2407"]
[BlackElo "2368"]
[PlyCount "108"]
[EventDate "2010.11.19"]
[EventType "team"]
[EventRounds "11"]
[EventCountry "AUT"]
[WhiteTeam "ASVOE SK Lackenbach"]
[BlackTeam "SK MPOE Maria Saal"]

1.e4 e5 2.Nf3 Nc6 3.d4 exd4 4.Nxd4 Nf6 5.Nxc6 bxc6 6.e5 Qe7 7.Qe2 Nd5 8.c4 Nb6
9.Nc3 Qe6 10.Qe4 g6 11.Bd2 d5 12.exd6 cxd6 13.Bd3 f5 14.Qxe6+ Bxe6 15.b3 Bg7
16.O-O Kf7 17.Rac1 a5 18.Be2 a4 19.Be3 axb3 20.axb3 Rab8 21.Bf3 Rhc8 22.Bf4 Nd7
23.Bxd6 Rxb3 24.Nd1 Ne5 25.Bxe5 Bxe5 26.Ne3 Bd4 27.c5 Rxe3 28.fxe3 Bxe3+ 29.Kh1
Bxc1 30.Rxc1 Bd5 31.Rd1 Ke6 32.Re1+ Kf6 33.h4 Bxf3 34.gxf3 Rd8 35.Kg2 Rd2+
36.Kg3 Rc2 37.Rd1 Rxc5 38.Rd7 Re5 39.Rc7 Re6 40.Rxh7 Re7 41.Rh8 Rc7 42.Ra8 c5
43.Ra6+ Kf7 44.h5 gxh5 45.Rh6 Kg7 46.Rxh5 c4 47.Rh2 c3 48.Rc2 Kf6 49.Kf4 Rc5
50.Ke3 Ke5 51.f4+ Kd5 52.Kd3 Rc6 53.Rc1 c2 54.Ke3 Rc3+

[Event "1. Bundesliga 2010/2011"]
[Site "Graz"]
[Date "2011.01.20"]
[Round "4"]
[Board "5"]
[White "Halvax, Georg"]
[Black "Vass, Frantisek"]
[Result "1-0"]
[WhiteElo "2272"]
[BlackElo "2317"]
[PlyCount "73"]
[EventDate "2010.11.19"]
[EventType "team"]
[EventRounds "11"]
[EventCountry "AUT"]
[WhiteTeam "SK MPOE Maria Saal"]
[BlackTeam "ASVOE SK Lackenbach"]

1.e4 e6 2.d4 d5 3.Nc3 Nf6 4.e5 Nfd7 5.f4 a6 6.Nf3 c5 7.Be3 Nc6 8.Qd2 cxd4 9.Nxd4
Nxd4 10.Bxd4 b5 11.Qe3 Qa5 12.Bd3 b4 13.Ne2 Nc5 14.O-O g6 15.Nc1 Nxd3 16.cxd3
Qb5 17.Nb3 a5 18.Nc5 Be7 19.Rac1 O-O 20.Rf3 Ba6 21.f5 exf5 22.Qh6 f6 23.Ne6 Rf7
24.Nc7 Qb7 25.Nxa8 Qxa8 26.exf6 Bxf6 27.Bxf6 Rxf6 28.Rc7 Rf7 29.Rxf7 Kxf7
30.Qxh7+ Kf6 31.Re3 Qf8 32.Qd7 Qc5 33.Qe6+ Kg5 34.Qe5 Bxd3 35.h4+ Kxh4 36.Kh2
Qc4 37.Qf6+

[Event "1. Bundesliga 2010/2011"]
[Site "Graz"]
[Date "2011.01.20"]
[Round "4"]
[Board "6"]
[White "Stranz, Richard"]
[Black "Hartl, Daniel"]
[Result "1/2-1/2"]
[WhiteElo "2219"]
[BlackElo "2285"]
[PlyCount "106"]
[EventDate "2010.11.19"]
[EventType "team"]
[EventRounds "11"]
[EventCountry "AUT"]
[WhiteTeam "ASVOE SK Lackenbach"]
[BlackTeam "SK MPOE Maria Saal"]

1.e4 e5 2.Nf3 Nc6 3.d4 exd4 4.Bc4 Nf6 5.e5 Ne4 6.O-O d5 7.Bb5 Bd7 8.Bxc6 bxc6
9.Nxd4 Bc5 10.f3 Ng5 11.f4 Ne6 12.Be3 O-O 13.f5 Bxd4 14.Bxd4 Nxd4 15.Qxd4 Qg5
16.h4 Qh5 17.Qf4 g6 18.f6 Rfe8 19.Re1 Rab8 20.b4 c5 21.bxc5 Rb2 22.Nc3 Rxc2
23.Nxd5 Rxc5 24.Qd4 Rxd5 25.Qxd5 Be6 26.Qd4 c5 27.Qxc5 Qxh4 28.a4 Rc8 29.Qf2 Qg5
30.Qe3 Qh5 31.Rac1 Rd8 32.Qxa7 h6 33.Qe3 Kh7 34.a5 Qg4 35.Qe4 Qg3 36.Qe3 Qg4
37.Qe2 Qb4 38.Ra1 Rd2 39.Qe4 Qc5+ 40.Qe3 Qc2 41.Qe4 Qc5+ 42.Kh2 Bd5 43.Qg4 h5
44.Qg3 Rxg2+ 45.Qxg2 Bxg2 46.Kxg2 Qd5+ 47.Kf2 Qd4+ 48.Kf3 g5 49.a6 Qf4+ 50.Ke2
Qxe5+ 51.Kd3 Qd5+ 52.Kc3 Qc5+ 53.Kd3 Qd5+

[Event "1. Bundesliga 2010/2011"]
[Site "Graz"]
[Date "2011.01.20"]
[Round "4"]
[Board "1"]
[White "Kraemer, Martin"]
[Black "Prusikin, Michael"]
[Result "0-1"]
[WhiteElo "2506"]
[BlackElo "2541"]
[PlyCount "114"]
[EventDate "2010.11.19"]
[EventType "team"]
[EventRounds "11"]
[EventCountry "AUT"]
[WhiteTeam "ASVOE Wulkaprodersdorf"]
[BlackTeam "Wuestenrot SIR Salzburg"]

1.d4 d5 2.c4 e6 3.Nf3 Nf6 4.g3 Bb4+ 5.Bd2 Bd6 6.Qc2 O-O 7.Nc3 c5 8.cxd5 exd5
9.Bg2 Nc6 10.dxc5 Bxc5 11.O-O h6 12.Rac1 Re8 13.Bf4 a6 14.Rfd1 Ba7 15.h3 d4
16.e3 g5 17.Nxg5 hxg5 18.Bxg5 Qd6 19.Ne2 Nh7 20.Bf4 Qf6 21.exd4 Ng5 22.Bxg5 Qxg5
23.Qd2 Qxd2 24.Rxd2 Bd7 25.d5 Ne5 26.d6 Bxh3 27.Bxb7 Rab8 28.Bd5 Rbd8 29.Nf4 Bg4
30.Rc7 Bb8 31.Re7 Bxd6 32.Rxe8+ Rxe8 33.Kg2 Bb8 34.f3 Bf5 35.Be4 Bxe4 36.fxe4
Nc4 37.Re2 Be5 38.b3 Nd6 39.Nd5 a5 40.Kf3 Nb5 41.Ke3 Kg7 42.Rc2 Re6 43.Nf4 Rh6
44.Ne2 Bc7 45.Rc4 Bb6+ 46.Kf3 Rh2 47.Nc1 Nd4+ 48.Kg4 Rh6 49.Nd3 Rg6+ 50.Kf4 Rd6
51.Kg4 Nxb3 52.Nf4 Nd2 53.Nh5+ Kh6 54.Rc2 Rg6+ 55.Kh3 Nxe4 56.Nf4 Rxg3+ 57.Kh2
Bg1+

[Event "1. Bundesliga 2010/2011"]
[Site "Graz"]
[Date "2011.01.20"]
[Round "4"]
[Board "3"]
[White "Schneider, Ilja"]
[Black "Geske, Julian"]
[Result "1-0"]
[WhiteElo "2511"]
[BlackElo "2329"]
[PlyCount "93"]
[EventDate "2010.11.19"]
[EventType "team"]
[EventRounds "11"]
[EventCountry "AUT"]
[WhiteTeam "ASVOE Wulkaprodersdorf"]
[BlackTeam "Wuestenrot SIR Salzburg"]

1.e4 e5 2.Nf3 Nc6 3.Nc3 Nf6 4.d4 exd4 5.Nxd4 Bb4 6.Nxc6 bxc6 7.Bd3 d5 8.exd5
cxd5 9.O-O O-O 10.Bg5 c6 11.Qf3 h6 12.Bxf6 Qxf6 13.Qxf6 gxf6 14.Ne2 Bd6 15.Nd4
c5 16.Nb5 Bb8 17.c4 a6 18.Nc3 dxc4 19.Bxc4 Be5 20.Rac1 Rd8 21.Na4 Rb8 22.Rfd1
Rxd1+ 23.Rxd1 Bd4 24.b3 Kf8 25.Rd3 Bf5 26.Nxc5 Bxc5 27.Rd5 Bb1 28.Rxc5 Bxa2
29.Rc7 Bxb3 30.Rxf7+ Ke8 31.Rh7 Rb6 32.Bxb3 Rxb3 33.g3 a5 34.Rxh6 Rb6 35.Rh8+
Kf7 36.Ra8 Rb5 37.Kg2 Kg6 38.Ra6 Kf5 39.h3 Kg5 40.h4+ Kf5 41.Kh3 Ke5 42.Kg4 f5+
43.Kg5 Ke4 44.f4 Kf3 45.h5 Kxg3 46.h6 Rb7 47.Rxa5

[Event "1. Bundesliga 2010/2011"]
[Site "Graz"]
[Date "2011.01.20"]
[Round "4"]
[Board "4"]
[White "Pitl, Gregory"]
[Black "Berczes, David"]
[Result "0-1"]
[WhiteElo "2376"]
[BlackElo "2535"]
[PlyCount "50"]
[EventDate "2010.11.19"]
[EventType "team"]
[EventRounds "11"]
[EventCountry "AUT"]
[WhiteTeam "Wuestenrot SIR Salzburg"]
[BlackTeam "ASVOE Wulkaprodersdorf"]

1.Nf3 d5 2.c4 c6 3.e3 Nf6 4.Nc3 e6 5.b3 Bd6 6.Qc2 O-O 7.Bb2 e5 8.cxd5 cxd5 9.Nb5
Nc6 10.Nxd6 Qxd6 11.Bb5 Nb4 12.Qc1 d4 13.a3 Bd7 14.axb4 Bxb5 15.Qc5 Qxc5 16.bxc5
Rfe8 17.Ra5 a6 18.Rxb5 axb5 19.O-O Ra2 20.Rb1 Ne4 21.exd4 exd4 22.Bxd4 Nxd2
23.Nxd2 Rxd2 24.Be3 Rd3 25.Kf1 b4

[Event "1. Bundesliga 2010/2011"]
[Site "Graz"]
[Date "2011.01.20"]
[Round "4"]
[Board "5"]
[White "Prohaszka, Peter"]
[Black "Lickleder, Andreas"]
[Result "1-0"]
[WhiteElo "2545"]
[BlackElo "2235"]
[PlyCount "53"]
[EventDate "2010.11.19"]
[EventType "team"]
[EventRounds "11"]
[EventCountry "AUT"]
[WhiteTeam "ASVOE Wulkaprodersdorf"]
[BlackTeam "Wuestenrot SIR Salzburg"]

1.d4 Nf6 2.c4 e6 3.Nf3 Bb4+ 4.Bd2 Qe7 5.g3 Nc6 6.Nc3 O-O 7.Bg2 Bxc3 8.Bxc3 Ne4
9.Rc1 d6 10.d5 Nxc3 11.Rxc3 Nd8 12.O-O e5 13.Nd2 f5 14.c5 Nf7 15.cxd6 cxd6
16.Qb3 h5 17.Rfc1 h4 18.Rc7 Qf6 19.R1c4 hxg3 20.hxg3 g5 21.g4 fxg4 22.Ne4 Qg6
23.Ng3 Nh6 24.Qc3 b5 25.R4c6 Bf5 26.e4 Bc8 27.Qb3

[Event "1. Bundesliga 2010/2011"]
[Site "Graz"]
[Date "2011.01.20"]
[Round "4"]
[Board "6"]
[White "Endthaler, Arnold"]
[Black "Thiede, Lars"]
[Result "0-1"]
[WhiteElo "2050"]
[BlackElo "2445"]
[PlyCount "63"]
[EventDate "2010.11.19"]
[EventType "team"]
[EventRounds "11"]
[EventCountry "AUT"]
[WhiteTeam "Wuestenrot SIR Salzburg"]
[BlackTeam "ASVOE Wulkaprodersdorf"]

1.e4 g6 2.d4 Bg7 3.Nc3 d6 4.Be2 a6 5.Be3 b5 6.Qd2 Bb7 7.f3 Nd7 8.Nh3 Ngf6 9.Nf2
Rc8 10.g4 c5 11.d5 h6 12.h4 Qa5 13.Nh3 Nb6 14.Nd1 Qxd2+ 15.Bxd2 Nfd7 16.Bc3 Ne5
17.b3 Bf6 18.f4 Ned7 19.g5 hxg5 20.hxg5 Bxc3+ 21.Nxc3 b4 22.Nd1 c4 23.Nhf2 Rxh1+
24.Nxh1 Nc5 25.Nhf2 cxb3 26.cxb3 e6 27.dxe6 fxe6 28.Bf3 Ke7 29.Kd2 a5 30.Rc1 a4
31.bxa4 b3 32.Rb1

[Event "1. Bundesliga 2010/2011"]
[Site "Graz"]
[Date "2011.01.20"]
[Round "4"]
[Board "1"]
[White "Bosiocic, Marin"]
[Black "Farago, Ivan"]
[Result "1-0"]
[WhiteElo "2561"]
[BlackElo "2448"]
[PlyCount "111"]
[EventDate "2010.11.19"]
[EventType "team"]
[EventRounds "11"]
[EventCountry "AUT"]
[WhiteTeam "ASVOE Signum Siebdruck St.Veit"]
[BlackTeam "ASVOE VHS Poechlarn"]

1.d4 e6 2.c4 Bb4+ 3.Bd2 c5 4.Bxb4 cxb4 5.g3 Nf6 6.Bg2 O-O 7.e4 d6 8.Ne2 e5 9.O-O
Bg4 10.f3 Be6 11.b3 a5 12.a3 Na6 13.axb4 axb4 14.Kh1 Qb8 15.Nd2 b5 16.cxb5 Qxb5
17.d5 Bd7 18.Nc4 Qb8 19.f4 Bb5 20.Rc1 Bxc4 21.Rxc4 Ng4 22.Rf3 Qa7 23.Qg1 Qxg1+
24.Kxg1 Rac8 25.Rc6 Rxc6 26.dxc6 Rc8 27.Rd3 Rxc6 28.h3 Nc5 29.Rd2 Nf6 30.fxe5
Ne8 31.Nd4 Rb6 32.exd6 Rxd6 33.e5 Rd8 34.Rc2 Rxd4 35.Rxc5 Kf8 36.Bf1 Ke7 37.Bc4
f6 38.Kf2 Re4 39.exf6+ Kxf6 40.Bd3 Nd6 41.Rd5 Re6 42.Rd4 Ke5 43.Rxb4 h6 44.Ra4
Kd5 45.h4 Re7 46.Kf3 Rb7 47.Bc4+ Nxc4 48.bxc4+ Kd4 49.Kg4 g5 50.hxg5 hxg5 51.Kh5
g4 52.c5+ Kxc5 53.Rxg4 Kd6 54.Re4 Kd5 55.Re8 Rh7+ 56.Kg6